000 00765nas a2200253 4500
001 BR7801388
003 BR-BrBNA
005 20231205083347.0
007 ta
008 230509b bl.|||p| |||| 00| 00por d
040 _aBR-BrBNA
_bpor
_cBiblioteca Nacional de Agricultura
041 _a(Pt)
072 _aL70
100 1 _aCardoso, G.
100 1 _aAcosta, F.O.
100 1 _aConeo, H.M.
100 1 _aWerner, P.R.
245 1 _aO emprego do guaiacolato de glicerilo isolado e associado ao tiamilal sodico em bovinos
650 _aVETERINARIA
650 _aBOVINO
773 0 _tRevista do Centro de Ciencias Rurais (Brazil)
_xISSN 0085-5901
_g(Sep 1977), v. 7(3) p. 219-231
_wBR7801388
909 _a202311
_bLúcia
_c55
_dLúcia Elande
942 _2AGRIS
_n0
_cANA
999 _c98230
_d98230